Catálogo Biblioteca Central

Le régime juridique des biens destines a l'usage commun des époux (Registro nro. 13094)

Detalles MARC
000 -CABECERA
campo de control de longitud fija 00814naa a2200217 i 4500
001 - NÚMERO DE CONTROL
campo de control 13094
003 - IDENTIFICADOR DEL NÚMERO DE CONTROL
campo de control ES-MaBCM
005 - FECHA Y HORA DE LA ÚLTIMA TRANSACCIÓN
campo de control 20241016091727.0
008 - CÓDIGOS DE INFORMACIÓN DE LONGITUD FIJA
campo de control de longitud fija 910212s1990 fra 000 0 fre d
021 ## -
-- xx
035 ## - NÚMERO DE CONTROL DEL SISTEMA
Número de control de sistema (OCoLC)1365232214
040 ## - FUENTE DE LA CATALOGACIÓN
Centro transcriptor ES-MaBCM
041 0# - CÓDIGO DE LENGUA
Código de lengua del texto/banda sonora o título independiente fre
043 ## - CÓDIGO DE ÁREA GEOGRÁFICA
Código de área geográfica fra
245 03 - MENCIÓN DE TÍTULO
Título Le régime juridique des biens destines a l'usage commun des époux
520 ## - SUMARIO, ETC.
Sumario etc. Estudio de derecho comparado con informes nacionales en un intento de armonizar o aproximar las legislaciones nacionales. El Consejo de Europa adoptó una recomendación [R(81)15] el 16 de octubre de 1981
650 27 - PUNTO DE ACCESO ADICIONAL DE MATERIA--TÉRMINO DE MATERIA
Término de materia o nombre geográfico como elemento inicial Bien ganancial
9 (RLIN) 57753
651 24 - PUNTO DE ACCESO ADICIONAL DE MATERIA--NOMBRE GEOGRÁFICO
Nombre geográfico Europa
9 (RLIN) 115402
773 0# - ENLACE AL DOCUMENTO FUENTE
Encabezamiento principal En:
Título Revue internationale de droit comparé
Lugar editor y fecha de publicación Paris : 1990
Número de control del registro relacionado 104680
Parte(s) relacionada(s) nº 4, octubre-diciembre ; p. 1107-1325
942 ## - ELEMENTOS DE PUNTO DE ACCESO ADICIONAL (KOHA)
Tipo de ítem Koha Artículos de revistas
Existencias
Estado de retiro Estado de pérdida Estado dañado No para préstamo Localización permanente Ubicación/localización actual Fecha de adquisición Precio válido a partir de Tipo de ítem Koha
        Biblioteca Central del Ministerio de la Presidencia Biblioteca Central del Ministerio de la Presidencia 21/04/2012 21/04/2012 Artículos de revistas